000 00316nam a22001457a 4500
008 210312b ||||| |||| 00| 0 eng d
020 _a9780321002105
041 _aeng
080 _23rd
_a316
082 _a316
100 _a50
101 _aSOC
245 _aSociety on Focus
_cThompson, W. E
942 _2udc
_cBK
999 _c56525
_d56525